| 000 | 00866nam a22002297a 4500 | ||
|---|---|---|---|
| 999 |
_c20204 _d20204 |
||
| 003 | AR-CdUCM | ||
| 008 | 190527b ||||| |||| 00| 0 spa d | ||
| 040 |
_aMUNICIPALIDAD PROVINCIAL DEL CUSCO _cBIBLIOTECA MUNICIPAL DEL CUSCO |
||
| 082 |
_a109 / _bA11 _22ed. |
||
| 100 |
_aAbbagnano, Nicolas _942230 |
||
| 245 | _aHistoria de la filosofía / | ||
| 260 |
_aBarcelona : _bMontaner y simon, _c1964. |
||
| 300 |
_a542 páginas ; _c25 cm. |
||
| 505 | _aContenido: t.2 : La filosofía moderna hasta el Postkantismo -- t.3 :Romanticismo y positivismo -- Schopenhauer -- La polémica sobre el idealismo... | ||
| 650 |
_aRomanticismo _9518 |
||
| 650 |
_aIdealismo _9695 |
||
| 650 |
_aPositivismo social _942231 |
||
| 650 |
_aEl neo-cristianismo _942232 |
||
| 700 |
_aEstelrich, Juan y Perez Ballestar, J. (traductores) _942233 |
||
| 942 |
_2ddc _cLIBROS |
||
| 945 | _aandy | ||